000 01188nam a22003377a 4500
003 CHAP
005 20220329140300.0
008 971013s1980 r 00010 d
010 _a49726
011 _a50698
035 _a54848
040 _cCHAP
090 _aTesis
100 0 0 _aSalvatore Zago, José Antonio M.
_9101872
245 _aEvaluación técnica y económica para otorgar crédito a la explotación porcícola del ejido de Chisco, Morelos
260 _aMéxico, D.F. :
_bEl autor,
_c1980
300 _a153 h.
502 _aTesis (Médico Veterinario Zootecnista) -- UNAM. Fac. de Medicina Veterinaria y Zootecnia
590 _aALEPH
_b10
_c20130110
_lUCH01
_h1322
590 _aBATCH-UPD
_b10
_c20130110
_lUCH01
_h0823
590 _aBATCH-UPD
_b10
_c20130410
_lUCH01
_h0501
590 _aBATCH-UPD
_b10
_c20130914
_lUCH01
_h1103
590 _aCONVERSION
_b10
_c20130109
_lUCH01
_h1327
650 1 4 _aCrédito ganadero
_xMorelos.
_929116
650 1 4 _aGanadería
_xAspectos económicos
_xMorelos.
_944639
650 1 4 _aGanadería
_xMorelos.
_944828
650 1 4 _aGanado porcino
_xMorelos.
_945388
901 _aBK
942 _cTESIS
949 _bBC
_cTES
_d-120754
_eTS1
_i54848
_si
999 _c49726
_d49726